000 00263nam a2200097Ia 4500
001 683249
005 20250826161434.0
008 250824s9999 xx 000 0 und d
245 0 _aKİMİ SEVSEN SENSİN
_cATTİLA İLHAN
260 _bTÜRKİYE İŞ BANKASI YAYINLARI
999 _c683249
_d683249